000 00942nam a2200277Ia 4500
003 OSt
005 20221005062344.0
006 a|||||r|||| 00| 0
007 ta
008 221004b |||||||| |||| 00| 0 eng d
020 _a9780367025366 (pbk)
_cINR 795.00
024 _a43331
037 _b1682, 12/03/2019, Bright Book Service
_cTextual
040 _aCRL
_cCRL
_beng
041 _2eng
_aeng
082 _aY15.45.44Q71, Q8
100 _aAshrafun Laila Au.
_9601739
245 0 _aWomen and domestic violence in Bangladesh
_b seeking a way out of the cage
260 _aLondon
_bRoutledge UK
_c2018
300 _axi,180p.
_ccm.
490 _aRoutledge asian studies association of Australia (ASAA) South Asian series
650 _a WOMEN
650 _aDOMESTIC VIOLENCE
_933868
942 _hY15.45.44Q71, Q8
_cTEXL
_2cc
999 _c969572
_d969572